Simon & Schuster handbook for writers (Record no. 4842)
[ view plain ]
| 000 -LEADER | |
|---|---|
| fixed length control field | 00764 a2200205 4500 |
| 020 ## - INTERNATIONAL STANDARD BOOK NUMBER | |
| International Standard Book Number | 0130955124 |
| 020 ## - INTERNATIONAL STANDARD BOOK NUMBER | |
| International Standard Book Number | 0130797839 |
| 040 ## - CATALOGING SOURCE | |
| Original cataloging agency | DLC |
| Language of cataloging | DLC |
| 100 1# - MAIN ENTRY--PERSONAL NAME | |
| Personal name | Troyka, Lynn Quitman, |
| 245 10 - TITLE STATEMENT | |
| Title | Simon & Schuster handbook for writers |
| Statement of responsibility, etc. | Lynn Quitman Troyka. |
| 246 3# - VARYING FORM OF TITLE | |
| Title proper/short title | Simon and Schuster handbook for writers. |
| 246 3# - VARYING FORM OF TITLE | |
| Title proper/short title | Handbook for writers. |
| 250 ## - EDITION STATEMENT | |
| Edition statement | 5th ed., Annotated instructor's ed. |
| 260 ## - PUBLICATION, DISTRIBUTION, ETC. | |
| Place of publication, distribution, etc. | Upper Saddle River, N.J. : |
| Name of publisher, distributor, etc. | Prentice Hall, |
| Date of publication, distribution, etc. | c1999. |
| 300 ## - PHYSICAL DESCRIPTION | |
| Extent | SP 18, AIE 36, xxxi, 846 p. : |
| Other physical details | ill. (some col.) ; |
| Dimensions | 22 cm. |
| 650 #0 - SUBJECT ADDED ENTRY--TOPICAL TERM | |
| Topical term or geographic name entry element | English language |
| General subdivision | Rhetoric |
| -- | Handbooks, manuals, etc. |
| 650 #0 - SUBJECT ADDED ENTRY--TOPICAL TERM | |
| Topical term or geographic name entry element | English language |
| General subdivision | Grammar |
| -- | Handbooks, manuals, etc. |
| 650 #0 - SUBJECT ADDED ENTRY--TOPICAL TERM | |
| Topical term or geographic name entry element | Report writing |
| General subdivision | Handbooks, manuals, etc. |
| 942 ## - ADDED ENTRY ELEMENTS (KOHA) | |
| Koha item type | Book |
| Call number prefix | 808.042 TRO |
| Source of classification or shelving scheme | |
| Withdrawn status | Lost status | Damaged status | Not for loan | Collection code | Permanent Location | Current Location | Shelving location | Date acquired | Source of acquisition | Cost, normal purchase price | Total Checkouts | Full call number | Barcode | Date last seen | Price effective from | Koha item type |
|---|---|---|---|---|---|---|---|---|---|---|---|---|---|---|---|---|
| Central Library (CL) | Central Library (CL) | General Stacks | 07/21/2005 | Academic Book company | 2480.49 | 808.042 TRO | SEECS006020 | 11/14/2012 | 01/05/2017 | Book |
